000 00326nam a22001337a 4500
999 _c508896
_d508896
008 190415b ||||| |||| 00| 0 eng d
100 _aMondal, Ajit
_94416
245 _aDigital library in India: a paradigm shift
260 _c2018
300 _ap.50-54.
773 _aYojana
906 _aDigital libraries
942 _cAR